Obras completas /

Bibliographic Details
Main Author: Gallegos, Rómulo, 1884-1969
Format: Book
Language:Spanish
Published: [Madrid] : Aguilar, [1958]
Series:Biblioteca de autores modernos.

MARC

Tag First Indicator Second Indicator Subfields
LEADER 00000cam a2200000 4500
001 in00000021674
005 20151007063705.0
008 800703s1958 sp a 00001 spa
010 |a  60024454  
035 |a (OCoLC)06483862 
035 |9 AAD8007AM 
040 |a DLC  |c TXA  |d UtOrBLW 
049 |a TXAM  |v 1 [324862]  |v 2 [324863] 
050 0 |a PQ8549  |b .G24 1958 
092 |a 863  |b G166o 
100 1 |a Gallegos, Rómulo,  |d 1884-1969. 
245 1 0 |a Obras completas /  |c Prologo de Jesus Lopez Pacheco. 
264 1 |a [Madrid] :  |b Aguilar,  |c [1958] 
264 4 |c [©1958] 
300 |a 2 volumes :  |b illustrations ;  |c 19 cm. 
336 |a text  |b txt  |2 rdacontent 
337 |a unmediated  |b n  |2 rdamedia 
338 |a volume  |b nc  |2 rdacarrier 
490 1 |a Biblioteca de autores modernos 
505 0 |a v. 1. Reinaldo Solar. La trepadora. Dona Barbara. Cantaclaro. Cuentos.--v. 2. Canaima. Pobre negro. El forastero. Sobre la misma tierra. La brizna de paja en el viento. 
830 0 |a Biblioteca de autores modernos. 
999 |a MARS 
999 f f |s 01828769-8a5a-381b-80bf-ffc460d56b4c  |i 82185171-816e-3d4c-a2cf-f6aad795228b  |t 0 
952 f f |p normal  |a Texas A&M University  |b College Station  |c Sterling C. Evans Library  |d Evans: Library Stacks  |t 0  |e PQ8549 .G24 1958  |h Library of Congress classification  |i unmediated -- volume  |k v.2  |m A14801384103 
952 f f |p normal  |a Texas A&M University  |b College Station  |c Sterling C. Evans Library  |d Evans: Library Stacks  |t 0  |e PQ8549 .G24 1958  |h Library of Congress classification  |i unmediated -- volume  |k v.1  |m A14801384098 
998 f f |a PQ8549 .G24 1958  |s v.1-v.2  |t 0  |l Evans: Library Stacks